000 00646nam a2200241 a 4500
001 nice12345678
003 IN_TiNIC
005 20260116014013.0
008 050524s2003 newa grp 000 0 eng
020 _a0140558
_c150
082 0 0 _a320.54
_bBHA
100 _aBhattacharya, Sabyasachi
245 _aVande Mataram, the Biography of Song
260 _aNew Delhi
_bPenguin Books
_c2003
300 _a136p
500 _aincludes index and biblioraphy
505 2 _aIndex, Quranic Verses
650 _aNationalism-Political Ideology
700 1 _aBhattacharya, Sabyasachi
902 _bSRS
942 _cBK
999 _c13457
_d13457